=LDR 00000nam 2200000 4500 =001 INLIS000000000027773 =005 20130612130125 =008 ***********************************Ind** =035 ##$$0010-061300000027773 =041 ##$$a Ind =082 ##$$a 530.07 =090 ##$$a 530.07, Kan f =100 ##$$a Kanginan, Marthen =245 ##$$a Fisika 2a untuk SLTP kelas 2 semester pertama, Marthen Kanginan ; editor, Joko Sutrisno =260 ##$$a 2003 $b Jakarta =300 ##$$a ...jil, ilus, 26 cm =650 ##$$a Fisika-Studi dan pengajaran =850 ##$$a NBPNMAT =990 ##$$a 11291129 =990 ##$$a 01201901129